| 000 | 00632nam a2200181Ia 4500 | ||
|---|---|---|---|
| 008 | 100921s9999 xx 000 0 und d | ||
| 082 |
_b5469 _a891.463 थ 27 |
||
| 100 | _aभिडे विद्याधर वामन. | ||
| 245 | _aपण तिसरा कोण ?. | ||
| 260 |
_bभारत-गौरव-ग्रंथमाला,मुंबई. _c1927 |
||
| 300 |
_a357 _b--- |
||
| 365 | _b2 | ||
| 520 | _aललित-कादंबरी. | ||
| 630 | _aपण तिसरा कोण ?. | ||
| 650 | _aललित-कादंबरी. | ||
| 730 | _aपण तिसरा कोण ?. | ||
| 942 | _cBOOK | ||
| 999 |
_c754582 _d754579 |
||